Vita paolina nella provincia italiana-fsp 2000 (Record n. 98546)

Dettagli MARC
000 -LEADER
fixed length control field 00442nam a22001697a 4500
003 - CONTROL NUMBER IDENTIFIER
control field IT-RoPau
005 - DATE AND TIME OF LATEST TRANSACTION
control field 20220918181106.0
008 - FIXED-LENGTH DATA ELEMENTS--GENERAL INFORMATION
fixed length control field 130516b xxu||||| |||| 00| 0 eng d
040 ## - CATALOGING SOURCE
Transcribing agency IT-RoPau
100 ## - MAIN ENTRY--PERSONAL NAME
Personal name Figlie di San Paolo
9 (RLIN) 559
245 ## - TITLE STATEMENT
Title Vita paolina nella provincia italiana-fsp 2000
250 ## - EDITION STATEMENT
Edition statement 1° ed.
260 ## - PUBLICATION, DISTRIBUTION, ETC. (IMPRINT)
Place of publication, distribution, etc. Roma
Name of publisher, distributor, etc. Casa Provinciale FSP
Date of publication, distribution, etc. 2000
300 ## - PHYSICAL DESCRIPTION
Dimensions 24 cm
500 ## - GENERAL NOTE
General note Aprile/Giugno 2000.
942 ## - ADDED ENTRY ELEMENTS (KOHA)
Source of classification or shelving scheme Dewey Decimal Classification
Koha item type RIVISTA
Dati di copia
Withdrawn status Lost status Source of classification or shelving scheme Damaged status Not for loan Home library Current library Date acquired Total Checkouts Full call number Date last seen Price effective from Koha item type
    Dewey Decimal Classification Buone Condizioni Not For Loan PAULUS-BIBLIOTECA PAULUS-BIBLIOTECA 16/05/2013   P D4 16/05/2013 16/05/2013 RIVISTA
    Dewey Decimal Classification Buone Condizioni Not For Loan PAULUS-BIBLIOTECA PAULUS-BIBLIOTECA 16/05/2013   P D4 16/05/2013 16/05/2013 RIVISTA
    Dewey Decimal Classification Buone Condizioni Not For Loan PAULUS-BIBLIOTECA PAULUS-BIBLIOTECA 21/05/2013   P D4 21/05/2013 21/05/2013 RIVISTA
    Dewey Decimal Classification Buone Condizioni Not For Loan PAULUS-BIBLIOTECA PAULUS-BIBLIOTECA 27/05/2013   P D4 27/05/2013 27/05/2013 RIVISTA
    Dewey Decimal Classification Buone Condizioni Not For Loan PAULUS-BIBLIOTECA PAULUS-BIBLIOTECA 27/05/2013   P D4 27/05/2013 27/05/2013 RIVISTA
    Dewey Decimal Classification Buone Condizioni Not For Loan PAULUS-BIBLIOTECA PAULUS-BIBLIOTECA 28/05/2013   P D4 28/05/2013 28/05/2013 RIVISTA
CREDITS: SOCIETA' SAN PAOLO Via A.Severo, 58 - ROMA (RM) & PERIODICI SAN PAOLO SRL Via Giotto, 36 MILANO & CISF Via Giotto, 36 MILANO & EDIZIONI SAN PAOLO SRL,  Piazza Soncino, 5 CINISELLO BALSAMO (MI) -- ITALY